Bytový dom a Lisabonská videoknižnica v Lisabone, Portugalsko

Gespeichert in:
Bibliographische Detailangaben
1. Verfasser: Šujanská, Jana (Verfasst von)
Weitere Verfasser: Ruhig, Roman (Betreuung Doktorarbeit)
Format: Manuskript Buch
Sprache:Slowakisch
Veröffentlicht: 2023
Schlagworte:
Online-Zugang:http://is.stuba.sk/zp/portal_zp.pl?podrobnosti=171350
https://opac.crzp.sk/?fn=detailBiblioForm&sid=EC7951772ACC837B5F7AC3A56A1E
Tags: Tag hinzufügen
Keine Tags, Fügen Sie das erste Tag hinzu!

MARC

LEADER 00000ntm a22000003a 4500
001 stuzp93812
003 SK-STU
005 20230921131914.8
007 ta
008 150427s2015----xo-----f-mn---000-0-slo-d
040 |a STU  |b slo 
041 0 |a slo 
100 1 |a Šujanská, Jana  |u 010310  |4 aut  |U SvF Stavebná fakulta  |T SvF Katedra architektúry  |X 93288  |U V181|V310  |Y 19  |7 93288 
242 0 1 |a Residential building and Lisbon video library  |y eng 
245 1 0 |a Bytový dom a Lisabonská videoknižnica v Lisabone, Portugalsko 
260 |c 2023 
650 4 |a Lisabon  |2 slo 
650 4 |a Bytový dom  |2 slo 
650 4 |a Lisabonská video knižnica  |2 slo 
650 4 |a Residential building  |2 eng 
650 4 |a Lisbon video library  |2 eng 
650 4 |a Lisbon  |2 eng 
700 1 |a Ruhig, Roman  |u 010310  |k Z1  |4 ths  |U SvF Stavebná fakulta  |T SvF Katedra architektúry  |X 7452  |U V181|V310  |Y 19  |7 A000007452 
856 4 |u http://is.stuba.sk/zp/portal_zp.pl?podrobnosti=171350 
856 4 |u https://opac.crzp.sk/?fn=detailBiblioForm&sid=EC7951772ACC837B5F7AC3A56A1E